| 000 | 00410 a2200169 4500 | ||
|---|---|---|---|
| 001 | 136189 | ||
| 020 | _a97888573074260 | ||
| 040 | _cLeonardo Da Vinci | ||
| 041 | _aPortuguês | ||
| 082 |
_a370.1 Z12p _bZ12p |
||
| 100 | _aZABALA, Antoni | ||
| 245 |
_aA prática educativa _bcomo ensinar |
||
| 260 |
_bArtmed _c2010 _aPorto Alegre |
||
| 362 | _a20100000 | ||
| 697 |
_aPrática docente _aFIPEN |
||
| 942 | _cBK | ||
| 999 |
_c136189 _d136189 |
||